Pakistan : (Record no. 188904)

000 -LEADER
fixed length control field 01506 a2200253 4500
003 - CONTROL NUMBER IDENTIFIER
control field Nust
005 - DATE AND TIME OF LATEST TRANSACTION
control field 20230213140902.0
010 ## - LIBRARY OF CONGRESS CONTROL NUMBER
LC control number 2011002064
020 ## - INTERNATIONAL STANDARD BOOK NUMBER
International Standard Book Number 9780231702447 (cloth : alk. paper)
020 ## - INTERNATIONAL STANDARD BOOK NUMBER
International Standard Book Number 9780231800129 (e-book)
040 ## - CATALOGING SOURCE
Transcribing agency Nust
082 00 - DEWEY DECIMAL CLASSIFICATION NUMBER
Classification number 954.91053,PAK
245 00 - TITLE STATEMENT
Title Pakistan :
Remainder of title beyond the "crisis state" /
Statement of responsibility, etc. Maleeha Lodhi, editor.
260 ## - PUBLICATION, DISTRIBUTION, ETC.
Place of publication, distribution, etc. New York :
Name of publisher, distributor, etc. Columbia University Press,
Date of publication, distribution, etc. c2011.
300 ## - PHYSICAL DESCRIPTION
Extent p. cm.
505 0# - FORMATTED CONTENTS NOTE
Formatted contents note Introduction (Page-1), The past as present (Page-7), Why Jinnah matters (Page-21), Why Pakistan will Survive (Page-35), Beyond the crisis state (Page-45), Army and politics (Page-79), Praetorians and the people (Page-95) Ideologically adrift (Page-113), Battling militancy (Page-131), Retooling institutions (Page-149), An economic crisis state (Page-169), Boosting competitiveness (Page-201) Turning energy around (Page-231), Education as a strategic imperative (Page-251), Pakistan as a nuclear state (Page-267), Reversing strategic "shrinkage" (Page-283), The Afghan conundrum (Page-305), The India factor (Page-319), Concluding note (Page-349).
651 #0 - SUBJECT ADDED ENTRY--GEOGRAPHIC NAME
Geographic name Pakistan
General subdivision Economic conditions
Chronological subdivision 21st century.
9 (RLIN) 12758
651 #0 - SUBJECT ADDED ENTRY--GEOGRAPHIC NAME
Geographic name Pakistan
General subdivision Foreign relations
Chronological subdivision 21st century.
9 (RLIN) 83839
651 #0 - SUBJECT ADDED ENTRY--GEOGRAPHIC NAME
Geographic name Pakistan
General subdivision Politics and government
Chronological subdivision 21st century.
9 (RLIN) 1623
651 #0 - SUBJECT ADDED ENTRY--GEOGRAPHIC NAME
Geographic name Pakistan
General subdivision Social conditions
Chronological subdivision 21st century.
9 (RLIN) 3727
651 #0 - SUBJECT ADDED ENTRY--GEOGRAPHIC NAME
Geographic name Pakistan
General subdivision Strategic aspects.
9 (RLIN) 2023
700 1# - ADDED ENTRY--PERSONAL NAME
Personal name Lodhi, Maleeha.
9 (RLIN) 17358
942 ## - ADDED ENTRY ELEMENTS (KOHA)
Source of classification or shelving scheme
Koha item type Book
Call number prefix 954.91053,PAK
Holdings
Withdrawn status Lost status Source of classification or shelving scheme Damaged status Not for loan Permanent Location Current Location Shelving location Date acquired Total Checkouts Full call number Barcode Date last seen Date last checked out Price effective from Koha item type Public note
          Military College of Signals (MCS) Military College of Signals (MCS) General Stacks 12/12/2016 2 954.91053,PAK MCS34749 09/27/2024 02/14/2023 12/12/2016 Book Almirah No. 62, Shelf No. 3
          Military College of Signals (MCS) Military College of Signals (MCS) General Stacks 04/07/2026   954.91053,PAK MCS38976 04/07/2026   04/07/2026 Book Almirah No. 62, Shelf No. 3
© 2023 Central Library, National University of Sciences and Technology. All Rights Reserved.